000 00646nam a2200169 i 4500
001 99739
003 ES-MaACL
005 20230906182539.0
007 t|
008 050915s1933 sp ||||1| spa d
100 1 _aMartínez Alcubilla y Boronat, Marcelo.
_9148747
245 1 0 _aCódigo Penal del 27 octubre de 1932
_b: anotado y concordado... /
_cMarcelo Martínez Alcubilla y Boronat; seguido de un minucioso sumario alfabético y de unas tablas por D. Vicente Henche Yagüe.
260 _aMadrid :
_bReus,
_c1933 (
_fImp. Sèz Hermanos)
300 _a162 p. ;
_c25 cm.
700 1 _aHenche Yagüe, Vicente.
_962510
852 _aES-MaACL
_jA-2179
999 _c99739
_d99739